000 00588cam a22002053a 4500
001 44738
003 PGUSA
005 20140828084024.0
008 140123s2014||||xxu|||||s|||||000 | eng d
040 _aPGUSA
_beng
042 _adc
100 1 _aKnight, Francis A.
245 1 0 _aDevonshire :
_bCambridge County Geographies
_h[electronic resource] /
_cFrancis A. Knight
260 _bProject Gutenberg,
_c2014
506 _aPublic domain in the USA.
516 _aElectronic text
830 0 _aProject Gutenberg
_v44738
856 4 0 _uhttp://www.gutenberg.org/ebooks/44738
942 _cEB
999 _c273989
_d273989